Cryptography : theory and practice
Saved in:
| Main Author: | |
|---|---|
| Format: | Book |
| Language: | English |
| Published: |
Boca Raton :
CRC,
1995
|
| Series: | CRC Press series on discrete mathematics and its applications
|
| Subjects: | |
| Tags: |
Add Tag
No Tags, Be the first to tag this record!
|
MARC
| LEADER | 00000nam a2200000 i 4500 | ||
|---|---|---|---|
| 001 | 1/91326 | ||
| 008 | 991018s1995 eng d | ||
| 020 | |a 0-8493-8521-0 | ||
| 035 | |l 10053535 | ||
| 040 | |a GR-MY-UA |b gre |e aacr | ||
| 041 | 0 | |a eng | |
| 082 | 0 | |a 005.82 | |
| 100 | 1 | |a Stinson, Douglas R. |q (Douglas Robert) |d 1956- | |
| 245 | 1 | 0 | |a Cryptography : |b theory and practice / |c Douglas R. Stinson |
| 260 | |a Boca Raton : |b CRC, |c 1995 | ||
| 300 | |a 434 p.; |c 24 cm. | ||
| 490 | 1 | |a CRC Press series on discrete mathematics and its applications | |
| 504 | |a Includes bibliography and index | ||
| 650 | 0 | 0 | |a Coding theory. |
| 650 | 0 | 0 | |a Cryptography. |
| 830 | 0 | |a CRC Press series on discrete mathematics and its applications | |
| 852 | |a INST |b CHIOS |e 19991018 |h 005.82 STI |p 005200014169 |q 005200014169 |t BK |y 0 | ||
| 852 | |a INST |b SAMOS |e 20000207 |h 005.82 STI |p 005300016472 |q 005300016472 |t BK |y 0 | ||
| 901 | |a BIBL2-1999-3 | ||
| 901 | |a BIBL3-2000-1 | ||
| 909 | |a Χ |b 068384 | ||
| 909 | |a Σ |b 069910 | ||
| 922 | |a 2ΕΛΗ |b 199909 |c TNEY |d ΠΑΠΑΣΩΤΗΡΙΟΥ | ||
| 922 | |a 3ΕΛΗ |b 199911 |c TΠΕΣ |d ΠΑΠΑΣΩΤΗΡΙΟΥ | ||
| 970 | |a ΣΠΕΝΤΖΑ |b ΕΛΕΝΗ |z 1999/10/18 | ||